| 000 | 01024 am a2200277 a 4500 | ||
|---|---|---|---|
| 005 | 20240627110123.0 | ||
| 008 | 100305s1996||||sp a f |||| 001 0 spa d | ||
| 020 | _a8420522996 | ||
| 041 |
_aspa _heng |
||
| 092 |
_c611 _l95 _sWIL |
||
| 100 | 1 |
_aWilliams, Peter L. _9153 |
|
| 245 |
_aGray Anatomía. _bT.1 / _cPeter L. William |
||
| 250 |
_a36a ed. versión española de la obra original en inglés _bTraducción Celestino Barastegui Almagro ; Ginés Domenech Ratto ; Manuel Nombela Gómez ; Alfonso Puchades Ort ; Juan Antonio Durán Otero ; Miguel Angel Renart Pita y Margarita Varela Morales |
||
| 260 |
_aMadrid: _bChurchill Livingstone; _c1996. |
||
| 300 | _a1-881 p. | ||
| 500 | _aWilliams, P. L. y Warwick, R. (1996). Gray anatomía. T.1 (36a ed.). Madrid : Churchill Livingstone. | ||
| 653 | _aCitología | ||
| 653 | _aEmbriología | ||
| 653 | _aOsteología | ||
| 653 | _aArtrología | ||
| 653 | _aMiología | ||
| 653 | _aAngiología | ||
| 700 | 1 |
_aWarwick, Roger. _9154 |
|
| 930 | _a212 | ||
| 942 |
_2ddc _cBK |
||
| 999 |
_c37 _d37 |
||